Online Catalogue and eLibrary

Amma (Record no. 5998)

MARC details
000 -LEADER
fixed length control field 00345nam a22001457a 4500
005 - DATE AND TIME OF LATEST TRANSACTION
control field 20250321045125.0
008 - FIXED-LENGTH DATA ELEMENTS--GENERAL INFORMATION
fixed length control field 250321b |||||||| |||| 00| 0 eng d
082 ## - DDC Classification
DDC Edition Number 22
Class No. 891
Item Number - Author Mark AMM
100 ## - MAIN ENTRY--PERSONAL NAME
Personal name Forki, M
245 ## - TITLE STATEMENT
Title Amma
260 ## - PUBLICATION, DISTRIBUTION, ETC.
Place of publication, distribution, etc. Moscow
Name of publisher, distributor, etc. Prakathi prakasana manthiriya
300 ## - PHYSICAL DESCRIPTION
Extent (e.g. Volumes, Pages etc.) XV, 383 p .,
500 ## - GENERAL NOTE
General note A story of Mother
942 ## - Koha item type (Biblio)
Koha item type Books in Stacks (Lending)
Holdings
Lost status Damaged status Collection code Home library Current library Date acquired Full call number Accession Number Item type
    Lending WERC Library WERC Library 03/21/2025 891 AMM 4456 Books in Stacks (Lending)

© WERC Library